Medzinárodné porovnanie vybratých ukazovateľov krajín CEFTA Príloha Hospodárskych novín

Základné ukazovatele výroby, spotrebiteľských cien a nezamestnanosti v krajinách CEFTA. Porovnanie týchto údajov v prvých piatich mesiacoch r. 1995. Hlavné tendencie v rozvoji hospodárstva krajín CEFTA. Indikátory hospodárskeho vývoja vo vybraných krajinách.

Uložené v:
Podrobná bibliografia
Médium: Kapitola
Jazyk:Slovak
Predmet:
Tagy: Pridať tag
Žiadne tagy, Buďte prvý, kto otaguje tento záznam!

MARC

LEADER 00000naa a2200000 4500
001 r019542
005 20221205101905.7
041 0 |a slo 
044 |a SK 
245 1 0 |a Medzinárodné porovnanie vybratých ukazovateľov krajín CEFTA  |b Príloha Hospodárskych novín 
520 |a Základné ukazovatele výroby, spotrebiteľských cien a nezamestnanosti v krajinách CEFTA. Porovnanie týchto údajov v prvých piatich mesiacoch r. 1995. Hlavné tendencie v rozvoji hospodárstva krajín CEFTA. Indikátory hospodárskeho vývoja vo vybraných krajinách. 
610 2 0 |a CEFTA 
610 2 0 |a 1994 
610 2 0 |a január-jún 
610 2 0 |a 1995 
610 2 0 |a údaje štatistické 
610 2 0 |a ukazovatele ekonomické 
610 2 0 |a rast hospodársky